Statistics for the biggest cities in the eu 2050

Click here to take the quiz!

General Stats

  • This quiz has been taken 26 times
  • The average score is 19 of 20

Answer Stats

HintAnswer% Correct
GermanyBerlin
100%
SpainMadrid
100%
FranceParis
100%
ItalyRome
100%
NetherlandsAmsterdam
96%
GreeceAthens
96%
PortugalLissbon
96%
ItalyMilan
96%
SpainBarcelona
92%
RomaniaBucharest
92%
GermanyHamburg
92%
CzechiaPrague
92%
SwedenStockholm
92%
PolandWarsaw
92%
SerbiaBelgrade
88%
HungaryBudapest
88%
GermanyMunich
88%
ItalyNaples
88%
GermanyCologne
83%
FranceLyon
83%

Score Distribution

Percentile by Number Answered

Percent of People with Each Score

Your Score History

You have not taken this quiz